| 000 | 00328nam a22001217a 4500 | ||
|---|---|---|---|
| 008 | 260530b |||||||| |||| 00| 0 eng d | ||
| 082 | _a001900 | ||
| 100 | _aNagasampige, A V and Katti, Ranganath | ||
| 245 | _aGavo Vishwasya Matarah | ||
| 260 |
_aBangalore _bPoorna Prajna Samshodhan Mandira _c2010 |
||
| 300 | _a77p | ||
| 942 | _2ddc | ||
| 999 |
_c1478 _d1478 |
||